[Event "USCL Arizona vs Chicago"]
[Site "Internet Chess Club"]
[Date "2008.08.25"]
[Round "1"]
[White "Meerovich, Ilan"]
[Black "Harper, Warren"]
[Result "1-0"]
[WhiteElo "2131"]
[BlackElo "2301"]
[PlyCount "49"]
[EventDate "2008.??.??"]

1. d4 Nf6 2. c4 e6 3. Nc3 Bb4 4. a3 Bxc3+ 5. bxc3 c5 6. f3 d5 7. cxd5 Nxd5 8.
Qd3 f5 9. e4 fxe4 10. fxe4 Ne7 11. Nf3 O-O 12. Be2 Nec6 13. O-O Nd7 14. Be3 Qe7
15. e5 h6 16. Qg6 Qf7 17. Qg3 Qh5 18. Nh4 Qxe2 19. Bxh6 Rf7 20. Rxf7 Kxf7 21.
Qxg7+ Ke8 22. Qg8+ Nf8 23. Qxf8+ Kd7 24. Qd6+ Ke8 25. Rf1 1-0

[Event "USCL Arizona vs Chicago"]
[Site "Internet Chess Club"]
[Date "2008.08.25"]
[Round "1"]
[White "Adamson, Robby"]
[Black "Burgess, Jon"]
[Result "1-0"]
[WhiteElo "2344"]
[BlackElo "2263"]
[PlyCount "51"]
[EventDate "2008.??.??"]

1. e4 c5 2. Nf3 e6 3. d4 cxd4 4. Nxd4 a6 5. Bd3 Ne7 6. O-O Nbc6 7. Nxc6 Nxc6 8.
f4 d6 9. Nd2 Be7 10. Nf3 Qc7 11. c3 O-O 12. Kh1 b5 13. Qe2 e5 14. f5 Bb7 15. g4
Rfe8 16. g5 Bf8 17. g6 fxg6 18. fxg6 h6 19. Ng5 Nd8 20. Bd2 d5 21. Rf7 Qd6 22.
Qf3 dxe4 23. Nxe4 Qe6 24. Rf1 Be7 25. Qh5 Rf8 26. Rxg7+ 1-0

[Event "USCL Arizona vs Chicago"]
[Site "Internet Chess Club"]
[Date "2008.08.25"]
[Round "1"]
[White "Altounian, Levon"]
[Black "van de Mortel, Jan"]
[Result "1-0"]
[WhiteElo "2533"]
[BlackElo "2460"]
[PlyCount "83"]
[EventDate "2008.??.??"]

1. Nf3 c5 2. c4 Nc6 3. g3 g6 4. Bg2 Bg7 5. Nc3 e5 6. a3 a5 7. d3 d6 8. Nd2 Nge7
9. Nf1 O-O 10. Ne3 Be6 11. Ned5 Rb8 12. Rb1 Qd7 13. h4 Bg4 14. Ne3 Be6 15. h5
Nd4 16. Ned5 Bg4 17. Bg5 Nxd5 18. Bxd5 Ne6 19. Bd2 Nc7 20. hxg6 hxg6 21. Bg2
Be6 22. Ne4 b6 23. Bh6 f6 24. b4 axb4 25. axb4 d5 26. cxd5 Bxd5 27. bxc5 bxc5
28. Nxc5 Qc6 29. Bxg7 Rxb1 30. Qxb1 Kxg7 31. Bxd5 Nxd5 32. Ne4 f5 33. Ng5 Ne3
34. Rh7+ Kf6 35. fxe3 Kxg5 36. Qb4 f4 37. exf4+ exf4 38. Qxf8 Qc1+ 39. Kf2 Qe3+
40. Kf1 Qc1+ 41. Kg2 f3+ 42. Kf2 1-0

[Event "USCL Arizona vs Chicago"]
[Site "Internet Chess Club"]
[Date "2008.08.25"]
[Round "1"]
[White "Pasalic, Mehmed"]
[Black "Ginsburg, Mark"]
[Result "1/2-1/2"]
[WhiteElo "2375"]
[BlackElo "2414"]
[PlyCount "139"]
[EventDate "2008.??.??"]

1. e4 c5 2. Nf3 e6 3. d4 cxd4 4. Nxd4 a6 5. Bd3 Qb6 6. Nb3 Qc7 7. O-O Nf6 8.
Qe2 d6 9. f4 Nbd7 10. c4 b6 11. Nc3 Bb7 12. Bd2 Be7 13. Rae1 Rd8 14. Kh1 g6 15.
Nd4 Qc5 16. Nf3 Qh5 17. Bc2 O-O 18. b4 e5 19. a3 exf4 20. Bxf4 Rfe8 21. Qd3 Ne5
22. Bxe5 dxe5 23. Nd5 Nxd5 24. cxd5 Bf8 25. Ba4 b5 26. Bd1 Qh6 27. h3 Bd6 28.
Nh2 Qg7 29. Bb3 Bc8 30. Rc1 Bd7 31. Qe3 h5 32. Nf3 f6 33. Qb6 Qe7 34. Ne1 Rb8
35. Qe3 Kg7 36. Nd3 Rec8 37. Nc5 a5 38. Qf3 axb4 39. axb4 Ra8 40. Rc3 Rf8 41.
Rfc1 Ra7 42. Bc2 Rfa8 43. Bb1 Rf8 44. Bd3 Rfa8 45. Qf1 Ra3 46. Rxa3 Rxa3 47.
Bxb5 Bc8 48. Be2 Qa7 49. Bf3 Qb6 50. Qc4 Kh6 51. Rc3 Ra1+ 52. Kh2 Rb1 53. Rb3
Rxb3 54. Nxb3 Ba6 55. Qc1+ g5 56. Nc5 Bc8 57. Qc4 g4 58. Be2 Qa7 59. hxg4 hxg4
60. Qc1+ Kg7 61. Qe3 Qf7 62. Kg1 Qh5 63. Ne6+ Bxe6 64. dxe6 Bxb4 65. Qa7+ Kh6
66. Qe3+ Qg5 67. Qxg5+ Kxg5 68. g3 f5 69. exf5 Kxf5 70. Kf2 1/2-1/2

[Event "USCL New York vs Boston"]
[Site "Internet Chess Club"]
[Date "2008.08.27"]
[Round "1"]
[White "Krasik, Ilya"]
[Black "Rosenberg, Evan"]
[Result "1-0"]
[WhiteElo "2144"]
[BlackElo "2201"]
[PlyCount "57"]
[EventDate "2008.??.??"]

1. d4 d5 2. c4 c6 3. Nf3 Nf6 4. Nc3 dxc4 5. a4 Bg4 6. Ne5 Bh5 7. f3 Nd5 8. e4
Nxc3 9. bxc3 e6 10. g4 Bg6 11. h4 f6 12. Nxg6 hxg6 13. Bxc4 Qc7 14. Bxe6 Qg3+
15. Ke2 Qg2+ 16. Ke3 Bd6 17. Bc8 Nd7 18. Bxb7 Ne5 19. Rg1 Qh2 20. Bxa8 O-O 21.
Bb7 f5 22. gxf5 gxf5 23. exf5 Rxf5 24. Rf1 Qg3 25. Kd2 Nxf3+ 26. Kc2 Qg6 27.
Qd3 Qg2+ 28. Bd2 Rf7 29. Bxc6 1-0

[Event "USCL New York vs Boston"]
[Site "Internet Chess Club"]
[Date "2008.08.27"]
[Round "1"]
[White "Bonin, Jay"]
[Black "Shmelov, Denys"]
[Result "1/2-1/2"]
[WhiteElo "2370"]
[BlackElo "2446"]
[PlyCount "76"]
[EventDate "2008.??.??"]

1. g3 Nf6 2. c4 e6 3. Bg2 c5 4. Nf3 Be7 5. O-O O-O 6. Nc3 Nc6 7. b3 a6 8. Bb2
Qc7 9. d4 cxd4 10. Nxd4 d6 11. Rc1 Nxd4 12. Qxd4 Bd7 13. Rfd1 Rfd8 14. h3 Rac8
15. Qe3 Qb8 16. Qb6 d5 17. cxd5 Bc5 18. Qa5 b6 19. Qxa6 Qxg3 20. e3 Qg5 21. b4
Bxb4 22. dxe6 Bxe6 23. Rxd8+ Rxd8 24. Qxb6 Be7 25. Qb5 Qh4 26. Rd1 Rxd1+ 27.
Nxd1 h5 28. Qb8+ Kh7 29. Qf4 Qxf4 30. exf4 Bxa2 31. Ne3 Nd7 32. Bd5 Bxd5 33.
Nxd5 Bd6 34. f5 f6 35. f4 Nc5 36. Ba3 Ne4 37. Bxd6 Nxd6 38. Ne7 Ne4 1/2-1/2

[Event "USCL Queens vs Philadelphia"]
[Site "Internet Chess Club"]
[Date "2008.08.27"]
[Round "1"]
[White "Lenderman, Alex"]
[Black "Costigan, Richard"]
[Result "1-0"]
[WhiteElo "2528"]
[BlackElo "2288"]
[PlyCount "59"]
[EventDate "2008.??.??"]

1. d4 d5 2. c4 c6 3. Nf3 Nf6 4. Nc3 g6 5. cxd5 cxd5 6. Qb3 Bg7 7. Bg5 Be6 8.
Qxb7 O-O 9. Ne5 Nfd7 10. Qxa8 Nxe5 11. dxe5 d4 12. Rd1 Qc7 13. Nd5 Qxe5 14.
Nxe7+ Kh8 15. Bd2 Qb5 16. Qxa7 Qxb2 17. g3 Re8 18. Bg2 d3 19. e3 Bg4 20. Rc1
Nd7 21. h3 Be6 22. Nd5 Ne5 23. Qa4 Rd8 24. Qb3 Rb8 25. Qxb2 Rxb2 26. f4 Nd7 27.
Rc8+ Nf8 28. Rxf8+ Bxf8 29. Bc3+ Bg7 30. Bxb2 1-0

[Event "USCL Carolina vs Tennessee"]
[Site "Internet Chess Club"]
[Date "2008.08.27"]
[Round "1"]
[White "Andrews, Todd"]
[Black "Zaikov, Oleg"]
[Result "0-1"]
[WhiteElo "2350"]
[BlackElo "2376"]
[PlyCount "64"]
[EventDate "2008.??.??"]

1. e4 c5 2. Nf3 d6 3. d4 cxd4 4. Nxd4 Nf6 5. Nc3 a6 6. Bc4 e6 7. Bb3 Nbd7 8.
Bg5 Nc5 9. f4 Be7 10. Qf3 Qc7 11. f5 Bd7 12. O-O O-O 13. Kh1 b5 14. Qh3 Nxb3
15. axb3 b4 16. fxe6 fxe6 17. Nxe6 Qc8 18. Nd5 Nxd5 19. Rxf8+ Qxf8 20. exd5
Bxg5 21. Qg4 Bxe6 22. dxe6 Qf4 23. Qe2 Bf6 24. Rf1 Qe5 25. Qc4 Qb5 26. Qf4 Qe2
27. Rg1 Qxe6 28. Qxb4 Bxb2 29. Qb7 Re8 30. Qxa6 Bd4 31. Rf1 Qe2 32. Qxe2 Rxe2
0-1

[Event "USCL Baltimore vs New Jersey"]
[Site "Internet Chess Club"]
[Date "2008.08.27"]
[Round "1"]
[White "Shen, Victor"]
[Black "Zimmer, Ralph"]
[Result "1-0"]
[WhiteElo "2265"]
[BlackElo "2328"]
[PlyCount "71"]
[EventDate "2008.??.??"]

1. e4 c5 2. Nf3 g6 3. d4 cxd4 4. Nxd4 Nc6 5. Nc3 Bg7 6. Be3 Nf6 7. Bc4 O-O 8.
Bb3 a5 9. O-O d6 10. Ndb5 b6 11. f3 Ba6 12. a4 Nd7 13. Qd2 Nc5 14. Bc4 Ne5 15.
Be2 Bc8 16. Rad1 Be6 17. b3 Qd7 18. Nd4 Kh8 19. f4 Nc6 20. Bb5 Bxd4 21. Bxd4+
f6 22. Rfe1 Qb7 23. Nd5 Nxd4 24. Qxd4 Bg4 25. Rd2 e5 26. Qf2 Be6 27. Bc4 f5 28.
exf5 Rxf5 29. Qg3 exf4 30. Qc3+ Kg8 31. Nf6+ Kf7 32. Bxe6+ Nxe6 33. Ne4 Rd8 34.
Nxd6+ Rxd6 35. Rxd6 Nc5 36. Qh8 1-0

[Event "USCL New York vs Boston"]
[Site "Internet Chess Club"]
[Date "2008.08.27"]
[Round "1"]
[White "Vigorito, David"]
[Black "Braylovsky, Gregory"]
[Result "1/2-1/2"]
[WhiteElo "2431"]
[BlackElo "2445"]
[PlyCount "90"]
[EventDate "2008.??.??"]

1. c4 c5 2. Nf3 b6 3. Nc3 Bb7 4. e4 d6 5. d4 cxd4 6. Nxd4 Nf6 7. f3 e6 8. Be2
Be7 9. Be3 O-O 10. O-O a6 11. Qd2 Nbd7 12. a4 Rc8 13. a5 bxa5 14. Nb3 a4 15.
Nxa4 d5 16. exd5 exd5 17. c5 d4 18. Qxd4 Nd5 19. Bf2 Bf6 20. Qc4 Ne5 21. Qc2
Nb4 22. Qb1 Re8 23. Nb6 Rc7 24. Ra4 Nec6 25. Rd1 Qe7 26. Bf1 g6 27. Re1 Qf8 28.
Rxe8 Qxe8 29. Nd2 Qd8 30. Ne4 Bd4 31. Qe1 Bxf2+ 32. Qxf2 a5 33. Ra1 Ne5 34. Nd6
Bc6 35. Rxa5 Qf6 36. Ra3 Re7 37. Qd2 Nbd3 38. Rxd3 Nxd3 39. Qxd3 Qxb2 40. Nd5
Re1 41. Qc3 Qe2 42. Nf6+ Kf8 43. Nxh7+ Kg8 44. Nf6+ Kf8 45. Nh7+ Kg8 1/2-1/2

[Event "USCL Queens vs Philadelphia"]
[Site "Internet Chess Club"]
[Date "2008.08.27"]
[Round "1"]
[White "Schneider, Dmitry"]
[Black "Kudrin, Sergey"]
[Result "1/2-1/2"]
[WhiteElo "2508"]
[BlackElo "2600"]
[PlyCount "58"]
[EventDate "2008.??.??"]

1. e4 c5 2. Nf3 Nc6 3. d4 cxd4 4. Nxd4 g6 5. c4 Nf6 6. Nc3 d6 7. Be2 Nxd4 8.
Qxd4 Bg7 9. Bg5 O-O 10. Qd2 a5 11. O-O a4 12. Rad1 Be6 13. f4 Qb6+ 14. Kh1 Ra5
15. f5 gxf5 16. exf5 Rxf5 17. Rxf5 Bxf5 18. Bxf6 Bxf6 19. Nd5 Qc5 20. Rf1 Be6
21. Nxf6+ exf6 22. Rxf6 Bxc4 23. Bxc4 Qxc4 24. h3 Rc8 25. Rxd6 Qc1+ 26. Qxc1
Rxc1+ 27. Kh2 Rc2 28. Rb6 a3 29. bxa3 Rxa2 1/2-1/2

[Event "USCL Carolina vs Tennessee"]
[Site "Internet Chess Club"]
[Date "2008.08.27"]
[Round "1"]
[White "McCarthy, Brian"]
[Black "Jones, Craig"]
[Result "1/2-1/2"]
[WhiteElo "2207"]
[BlackElo "2320"]
[PlyCount "101"]
[EventDate "2008.??.??"]

1. e4 d5 2. exd5 Qxd5 3. Nc3 Qa5 4. d4 Nf6 5. Nf3 c6 6. Ne5 Be6 7. Bd2 Qb6 8.
Bc1 g6 9. Be2 Bg7 10. O-O Nbd7 11. Nxd7 Nxd7 12. d5 cxd5 13. Nxd5 Qd6 14. Nf4
Qxd1 15. Rxd1 Bf5 16. c3 Bc2 17. Re1 e6 18. Be3 Be4 19. Rad1 a6 20. Bc4 Bc6 21.
Nd3 O-O-O 22. Bg5 f6 23. Be3 Rhe8 24. Nb4 Ne5 25. Rxd8+ Kxd8 26. Nxc6+ Nxc6 27.
Bb6+ Kd7 28. Rd1+ Kc8 29. Rd6 Nd8 30. Bxd8 Rxd8 31. Bxe6+ Kc7 32. Rxd8 Kxd8 33.
g4 b6 34. Kg2 Ke7 35. Bc8 a5 36. Kf3 Kd6 37. Ke4 Bh6 38. f4 Kc5 39. b3 a4 40.
bxa4 Kc4 41. Be6+ Kxc3 42. Bg8 g5 43. f5 Bf8 44. Bxh7 Bd6 45. h3 Kc4 46. Bg8+
Kc5 47. Be6 Bg3 48. Bd7 Bh4 49. Bb5 Be1 50. Be8 Bh4 51. Bb5 1/2-1/2

[Event "USCL Baltimore vs New Jersey"]
[Site "Internet Chess Club"]
[Date "2008.08.27"]
[Round "1"]
[White "Ippolito, Dean"]
[Black "Kaufman, Larry"]
[Result "1-0"]
[WhiteElo "2500"]
[BlackElo "2424"]
[PlyCount "79"]
[EventDate "2008.??.??"]

1. d4 Nf6 2. c4 e6 3. Nc3 Bb4 4. Qc2 O-O 5. e4 d6 6. e5 dxe5 7. dxe5 Nfd7 8.
Nf3 Nc6 9. Bf4 Nc5 10. Rd1 Qe7 11. a3 Bxc3+ 12. Qxc3 a5 13. Be2 a4 14. Qe3 b6
15. Bg5 f6 16. exf6 gxf6 17. Bh6 Rd8 18. Rxd8+ Nxd8 19. Nd4 Qf7 20. f4 Bb7 21.
f5 e5 22. Nb5 Kh8 23. O-O Nc6 24. Bf3 Na5 25. Bd5 Bxd5 26. cxd5 Rg8 27. Qf3 Nc4
28. Qe2 Nd6 29. Nc3 Qe8 30. Be3 Nb3 31. Kh1 b5 32. h3 Nd4 33. Qd3 c5 34. Ne4
Nxe4 35. Qxe4 Qh5 36. Bxd4 cxd4 37. d6 Qf7 38. Rc1 Qd7 39. Rc7 Qe8 40. Qh4 1-0

[Event "USCL Queens vs Philadelphia"]
[Site "Internet Chess Club"]
[Date "2008.08.27"]
[Round "1"]
[White "Wilson, Elvin"]
[Black "Katz, Benjamin"]
[Result "1-0"]
[WhiteElo "2240"]
[BlackElo "2108"]
[PlyCount "103"]
[EventDate "2008.??.??"]

1. d4 e6 2. Nf3 Nf6 3. c4 c5 4. d5 exd5 5. cxd5 d6 6. Nc3 g6 7. h3 Bg7 8. e4
O-O 9. Bd3 b5 10. Bxb5 Nxe4 11. Nxe4 Qa5+ 12. Nfd2 Qxb5 13. Nxd6 Qa6 14. N2c4
Nd7 15. O-O Nb6 16. Nxb6 Qxb6 17. Nxc8 Raxc8 18. Rb1 Rfd8 19. Bf4 Qb7 20. d6
Bf8 21. Qd2 Bxd6 22. Bxd6 Rc6 23. Rfd1 Rcxd6 24. Qxd6 Rxd6 25. Rxd6 c4 26. Rdd1
Qa6 27. a3 Qb5 28. Re1 Qb3 29. Rec1 Qd3 30. a4 a5 31. Ra1 Qb3 32. Ra3 Qb4 33.
g3 Kg7 34. h4 h5 35. Rac3 Qxa4 36. Rxc4 Qb3 37. R1c2 Qd3 38. R4c3 Qd1+ 39. Kg2
a4 40. Rc1 Qd2 41. R1c2 Qd1 42. Rc4 Qd5+ 43. Kh2 Qd3 44. Rc7 Qf5 45. Kg1 Qd3
46. Kh2 Qf5 47. Rd2 Qe5 48. Rdd7 Qxb2 49. Rxf7+ Kg8 50. Kg2 Qb8 51. Rg7+ Kh8
52. Rh7+ 1-0

[Event "USCL Queens vs Philadelphia"]
[Site "Internet Chess Club"]
[Date "2008.08.27"]
[Round "1"]
[White "Smith, Bryan"]
[Black "Vovsha, Eli"]
[Result "0-1"]
[WhiteElo "2442"]
[BlackElo "2532"]
[PlyCount "98"]
[EventDate "2008.??.??"]

1. e4 c5 2. Nf3 d6 3. d4 cxd4 4. Nxd4 Nf6 5. Nc3 a6 6. Bg5 e6 7. f4 Nbd7 8. Qe2
Qc7 9. O-O-O b5 10. f5 b4 11. fxe6 bxc3 12. exd7+ Nxd7 13. Qc4 cxb2+ 14. Kb1
Qxc4 15. Bxc4 Ne5 16. Bd5 Rb8 17. Rhf1 Bb7 18. Bb3 f6 19. Bf4 Bxe4 20. Rfe1
Bxg2 21. Nf5 Kd7 22. Rg1 Bf3 23. Rdf1 Be2 24. Rf2 Bc4 25. Nxg7 Bxb3 26. axb3
Rg8 27. Rfg2 a5 28. Nh5 Rxg2 29. Rxg2 Ke6 30. Rf2 a4 31. Bg3 axb3 32. Rxf6+ Ke7
33. cxb3 Rxb3 34. Bxe5 dxe5 35. Rf5 Bh6 36. Rxe5+ Kf7 37. Ng3 Bg7 38. Re1 Ra3
39. Kc2 Rc3+ 40. Kb1 Ra3 41. Kc2 Ra1 42. Rb1 Kg6 43. Nf1 Rxb1 44. Kxb1 Kg5 45.
Ne3 Bd4 46. h4+ Kf4 47. Nd5+ Kg4 48. Ne7 Bf6 49. Nd5 Be5 0-1

[Event "USCL Miami vs Seattle"]
[Site "Internet Chess Club"]
[Date "2008.08.27"]
[Round "1"]
[White "Sinanan, Joshua"]
[Black "Rodriguez, Eric"]
[Result "0-1"]
[WhiteElo "2180"]
[BlackElo "2242"]
[PlyCount "110"]
[EventDate "2008.??.??"]

1. Nf3 d5 2. d4 Nf6 3. c4 c6 4. Nc3 dxc4 5. a4 Bf5 6. Ne5 Nbd7 7. Nxc4 Nb6 8.
Ne5 a5 9. f3 Nfd7 10. Nxd7 Nxd7 11. e4 Bg6 12. Be3 e5 13. dxe5 Nxe5 14. Qc2 Bb4
15. Be2 f6 16. O-O Bf7 17. Na2 Bd6 18. f4 Nd7 19. Bf3 Qe7 20. Kh1 O-O 21. Nc1
Bc5 22. Bd2 Rfe8 23. Nd3 Bd4 24. Bc3 Bxc3 25. Qxc3 Qe6 26. Rfc1 Qb3 27. Qd2
Rad8 28. Rc3 Qb6 29. Qc2 Nf8 30. g3 Ne6 31. Bg2 Nd4 32. Qf2 Qc7 33. h3 Qe7 34.
Re1 Bg6 35. f5 Bf7 36. e5 fxe5 37. Rxe5 Qd6 38. Rxe8+ Rxe8 39. Nf4 Nxf5 40. Rd3
Qe7 41. Kh2 Ne3 42. Bf3 Nc4 43. Bg2 g5 44. Rd4 gxf4 45. Re4 Qd6 46. Rxf4 Ne5
47. Rf5 Bg6 48. Rf6 Re6 49. Rxe6 Qxe6 50. Qb6 Nf7 51. Qxb7 Be4 52. Qb8+ Kg7 53.
Bf1 Qf5 54. Qf4 Qxf4 55. gxf4 Bc2 0-1